000 00443nam a2200169Ia 4500
008 230524s9999 xx 000 0 und d
020 _a9788131711101
082 _a658.62
_bHEN
100 _aRichard I.Henderson
245 0 _a"Compensation Management in a Knowledge Based World, "
250 _a10TH
260 _aNEW DELHI
_bPearson
_c2009
300 _aXIII;533
500 _aQuantity Number: 15
650 _aManagement
942 _cBK
999 _c42996
_d42996